Postcolonial Theory and Crisis.

Bibliographic Details
Main Author: de Medeiros, Paulo.
Other Authors: Ponzanesi, Sandra.
Format: eBook
Language:English
Published: Berlin/Boston : Walter de Gruyter GmbH, 2024.
Edition:1st ed.
Series:Culture and Conflict Series
Subjects:
Online Access:Click to View
LEADER 01483nam a22003733i 4500
001 EBC31281568
003 MiAaPQ
005 20240729202206.0
006 m o d |
007 cr cnu||||||||
008 240729s2024 xx o ||||0 eng d
020 |a 9783111005744  |q (electronic bk.) 
035 |a (MiAaPQ)EBC31281568 
035 |a (Au-PeEL)EBL31281568 
040 |a MiAaPQ  |b eng  |e rda  |e pn  |c MiAaPQ  |d MiAaPQ 
082 0 |a 325.3 
100 1 |a de Medeiros, Paulo. 
245 1 0 |a Postcolonial Theory and Crisis. 
250 |a 1st ed. 
264 1 |a Berlin/Boston :  |b Walter de Gruyter GmbH,  |c 2024. 
264 4 |c Ã2024. 
300 |a 1 online resource (278 pages) 
336 |a text  |b txt  |2 rdacontent 
337 |a computer  |b c  |2 rdamedia 
338 |a online resource  |b cr  |2 rdacarrier 
490 1 |a Culture and Conflict Series ;  |v v.25 
588 |a Description based on publisher supplied metadata and other sources. 
590 |a Electronic reproduction. Ann Arbor, Michigan : ProQuest Ebook Central, 2024. Available via World Wide Web. Access may be limited to ProQuest Ebook Central affiliated libraries.  
655 4 |a Electronic books. 
700 1 |a Ponzanesi, Sandra. 
776 0 8 |i Print version:  |a de Medeiros, Paulo  |t Postcolonial Theory and Crisis  |d Berlin/Boston : Walter de Gruyter GmbH,c2024 
797 2 |a ProQuest (Firm) 
830 0 |a Culture and Conflict Series 
856 4 0 |u https://ebookcentral.proquest.com/lib/matrademy/detail.action?docID=31281568  |z Click to View